000 00798nam a2200301Ia 4500
001 11835
003 IT-RoPAU
008 130308s9999 xx 000 0 und d
040 _aIT-RoPAU
040 _cIT-RoPAU
041 _aFRANCESE
100 _aVallancien B.
100 _gCodice Aut. SPICS: 10341
245 _aAspect Psycho-Phonologique du langage parlè
245 _bPhonetique et Phonation
250 _a1a ed.
260 _aPARIS
260 _bMasson
260 _c1966 [1° Ed.:1966 - Ed.Ling.Originale:1966]
300 _a"7 p. (prefazione: no ; testo: 7 [pagine: 7-13])"
500 _aAspetto Psico Fonologico del Linguaggio Parlato
650 _aLINGUISTICA
650 _eCodice materia Spics: 3201
942 _cBK
957 _71
999 _c39135
_d39135
999 _bSI
999 _g1